Violent recidivism among the 1958 Philadelphia birth cohort boys / 1 Text and appendices
| Authors: | ; |
|---|---|
| Format: | Print Book |
| Language: | English |
| Published: |
Washington
National Inst. of Justice
1986
|
| In: |
Violent recidivism among the 1958 Philadelphia birth cohort boys
Year: 1986 |
| Availability in Tübingen: | Present in Tübingen. UB: KB 1 G 798 |
| Check availability: | HBZ Gateway |
| Subito Delivery Service: | Order now. |
MARC
| LEADER | 00000cam a2200000 cc4500 | ||
|---|---|---|---|
| 001 | 1091662827 | ||
| 003 | DE-627 | ||
| 005 | 20220514125520.0 | ||
| 007 | tu | ||
| 008 | 900919s1986 xx ||||| 00| ||eng c | ||
| 035 | |a (DE-627)1091662827 | ||
| 035 | |a (DE-576)021662827 | ||
| 035 | |a (DE-599)BSZ021662827 | ||
| 035 | |a (OCoLC)311333308 | ||
| 040 | |a DE-627 |b ger |c DE-627 |e rakwb | ||
| 041 | |a eng | ||
| 100 | 1 | |a Weiner, Neil A. |4 aut | |
| 109 | |a Weiner, Neil A. |a Alan Weiner, Neil |a Alan-Weiner, Neil | ||
| 245 | 1 | 0 | |a Violent recidivism among the 1958 Philadelphia birth cohort boys |n 1 |p Text and appendices |c Neil Alan Weiner; Marvin E. Wolfgang |
| 264 | 1 | |a Washington |b National Inst. of Justice |c 1986 | |
| 300 | |a XXVIII, 344 S. | ||
| 336 | |a Text |b txt |2 rdacontent | ||
| 337 | |a ohne Hilfsmittel zu benutzen |b n |2 rdamedia | ||
| 338 | |a Band |b nc |2 rdacarrier | ||
| 583 | 1 | |a Archivierung prüfen |c 20200919 |f DE-640 |z 1 |2 pdager | |
| 700 | 1 | |a Wolfgang, Marvin E. |d 1924-1998 |0 (DE-588)124034667 |0 (DE-627)085595047 |0 (DE-576)16361489X |4 aut | |
| 773 | 1 | 8 | |a Violent recidivism among the 1958 Philadelphia birth cohort boys |w (DE-627)1091662797 |w (DE-576)021662797 |g 1 |q 1 |7 nnam |
| 951 | |a MV | ||
| ELC | |b 1 | ||
| LOK | |0 000 xxxxxcx a22 zn 4500 | ||
| LOK | |0 001 2151112853 | ||
| LOK | |0 003 DE-627 | ||
| LOK | |0 004 1091662827 | ||
| LOK | |0 005 20151005152050 | ||
| LOK | |0 008 900919||||||||||||||||ger||||||| | ||
| LOK | |0 040 |a DE-21 |c DE-627 |d DE-21 | ||
| LOK | |0 852 |a DE-21 | ||
| LOK | |0 852 1 |c KB 1 G 798 |9 00 | ||
| LOK | |0 866 |x Kopie (7 Mikrofiches) | ||
| LOK | |0 935 |a krim | ||
| LOK | |0 939 |a 19-09-90 |b l01 | ||
| ORI | |a SA-MARC-krimdoka001.raw | ||
| SIG | |a UB: KB 1 G 798 | ||
